00821 2200301 4500001002100000005001500021035002000036007000300056040001700059100002800076245006900104300003700173041000800210082000800218084001400226090002100240264003000261336002100291337003000312338002300342850001000365008004100375250001000416020002200426700003900448990001600487990001600503INLIS00000000000868920260518105535 a0010-1022000064ta aSBPUPADbind0 aPipiet SenjaePengarang1 aKepada YTH Presiden RI /cPipiet Senja ; editor, Syerif Nurhakim a192 hlm. :billus. ;c14x20,5 cm0 aind a823 a823 PIP k a813 DWI t L24-12 aJakarta :bJendela,c2010 2rdacontentateks 2rdamediaatanpa perantara 2rdacarrieravolume aPUPAD260518 1  acet.1 a978-979-063-619-40 aeditor, Syerif NurhakimePengarang a00000040005 a00000040006